Essentials of Business Environment (Record no. 980)

MARC details
000 -LEADER
fixed length control field 00434nam a22001697a 4500
005 - DATE AND TIME OF LATEST TRANSACTION
control field 20180328115354.0
008 - FIXED-LENGTH DATA ELEMENTS--GENERAL INFORMATION
fixed length control field 160518b xxu||||| |||| 00| 0 eng d
020 ## - INTERNATIONAL STANDARD BOOK NUMBER
ISBN 978-81-8488-809-6
041 ## - LANGUAGE CODE
Language code of text/sound track or separate title eng
082 ## - DEWEY DECIMAL CLASSIFICATION NUMBER
Item number 2722
Classification number 338.7
100 ## - MAIN ENTRY--AUTHOR NAME
Personal name Aswathappa K.
245 ## - TITLE STATEMENT
Title Essentials of Business Environment
260 ## - PUBLICATION, DISTRIBUTION, ETC. (IMPRINT)
Place of publication New Delhi
Name of publisher Himalaya Publishing House,
Year of publication 1988
300 ## - PHYSICAL DESCRIPTION
Number of Pages 565
650 ## - SUBJECT ADDED ENTRY--TOPICAL TERM
Topical Term Management
942 ## - ADDED ENTRY ELEMENTS (KOHA)
Koha item type Books
Holdings
Lost status Damaged status Collection code Home library Current library Shelving location Date acquired Cost, normal purchase price Full call number Accession Number Koha item type
    MANAGEMENT JRU Library JRU Library   18/05/2016 360.00 338.7 2722 Books
    MANAGEMENT JRU Library JRU Library   18/05/2016 360.00 338.7 2723 Books
    MANAGEMENT JRU Library   SHELF-61-A 18/05/2016 360.00 338.7 2724 Books
    MANAGEMENT JRU Library   SHELF-61-A 18/05/2016 360.00 338.7 2725 Books
    MANAGEMENT JRU Library   SHELF-61-A 18/05/2016 360.00 338.7 2726 Books
      JRU Library   Shelf - 13- A 18/05/2016 360.00 338.7 2727 Books
    MANAGEMENT JRU Library   SHELF-61-A 18/05/2016 360.00 338.7 2728 Books
    MANAGEMENT JRU Library JRU Library   18/05/2016 360.00 338.7 2729 Books
    MANAGEMENT JRU Library JRU Library SHELF-61-A 18/05/2016 360.00 338.7 2730 Books
    MANAGEMENT JRU Library   SHELF-60-F 18/05/2016 360.00 338.7 2731 Books
    MANAGEMENT JRU Library JRU Library SHELF-61-A 18/05/2016 360.00 338.7 2732 Books
    MANAGEMENT JRU Library JRU Library   18/05/2016 360.00 338.7 2733 Books
    MANAGEMENT JRU Library   SHELF-61-A 18/05/2016 360.00 338.7 2734 Books
    MANAGEMENT JRU Library JRU Library   18/05/2016 360.00 338.7 2735 Books
    MANAGEMENT JRU Library JRU Library   18/05/2016 360.00 338.7 2736 Books
    MANAGEMENT JRU Library   SHELF-61-A 18/05/2016 360.00 338.7 2737 Books
    MANAGEMENT JRU Library JRU Library SHELF-61-A 18/05/2016 360.00 338.7 2738 Books
    MANAGEMENT JRU Library JRU Library   18/05/2016 360.00 338.7 2739 Books
    MANAGEMENT JRU Library   SHELF-61-A 18/05/2016 360.00 338.7 2740 Books
    MANAGEMENT JRU Library JRU Library SHELF-61-A 18/05/2016 360.00 338.7 2741 Books
    MANAGEMENT JRU Library   SHELF-61-A 18/05/2016 360.00 338.7 2742 Books
    MANAGEMENT JRU Library JRU Library   18/05/2016 360.00 338.7 2743 Books
    MANAGEMENT JRU Library JRU Library   18/05/2016 360.00 338.7 2744 Books
    MANAGEMENT JRU Library JRU Library   18/05/2016 360.00 338.7 2745 Books
    MANAGEMENT JRU Library   SHELF-61-A 18/05/2016 360.00 338.7 2746 Books
    MANAGEMENT JRU Library   SHELF-60-F 18/05/2016 360.00 338.7 2747 Books
    MANAGEMENT JRU Library   SHELF-61-A 18/05/2016 360.00 338.7 2748 Books